000 00369nam a22001577a 4500
003 SGT
020 _a978-0-07-132919-4
082 _a532
_bSOM
100 _aSOM,S.K
245 _aINTRODUCTION TO FLUID MECHANICS AND FLUID MACHINES.
250 _a3RD
260 _aCHENNAI
_bMC-GRAW HILL
_c2017
300 _a841
650 _aMECHANICAL ENGINEERING
942 _2ddc
_cBK
999 _c14060
_d14060